Catálogo público

Tratamiento de los residuos agrícolas y ganaderos (Record no. 68002)

MARC details
000 -CABECERA
campo de control de longitud fija 01280nam a22003497a 4500
003 - IDENTIFICADOR DEL NÚMERO DE CONTROL
campo de control CHAP
005 - FECHA Y HORA DE LA ÚLTIMA TRANSACCIÓN
campo de control 20220329141428.0
008 - DATOS DE LONGITUD FIJA--INFORMACIÓN GENERAL
campo de control de longitud fija 971013s1982 r 00010 d
010 ## - NÚMERO DE CONTROL DE LA BIBLIOTECA DEL CONGRESO
Número de control de LC 68002
011 ## - ENLACE DEL NUMERO DE CONTROL DE LA BIBLIOTECA DEL CONGRESO [OBSOLETO]
Número de control de LC 68974
035 ## - NÚMERO DE CONTROL DEL SISTEMA
Número de control de sistema 78448
040 ## - FUENTE DE LA CATALOGACIÓN
Centro/agencia transcriptor CHAP
082 ## - NÚMERO DE LA CLASIFICACIÓN DECIMAL DEWEY
Número de clasificación 628.746
Número de documento/Ítem G7y
100 00 - ENTRADA PRINCIPAL--NOMBRE DE PERSONA
Nombre de persona Grundey, Kevin.
9 (RLIN) 50855
245 ## - MENCIÓN DE TÍTULO
Título Tratamiento de los residuos agrícolas y ganaderos
260 ## - PUBLICACIÓN, DISTRIBUCIÓN, ETC.
Lugar de publicación, distribución, etc. Barcelona :
Nombre del editor, distribuidor, etc. GEA,
Fecha de publicación, distribución, etc. 1982
300 ## - DESCRIPCIÓN FÍSICA
Extensión 304 p.
Otras características físicas : ilus. ; gráfs.
500 ## - NOTA GENERAL
Nota general 26-133
590 ## - NOTA LOCAL (RLIN)
Nota local BATCH-UPD
Procedencia (VM) [OBSOLETO] 10
Condición del los carretes individuales (VM) [OBSOLETO] 20130110
-- UCH01
-- 1648
590 ## - NOTA LOCAL (RLIN)
Nota local BATCH-UPD
Procedencia (VM) [OBSOLETO] 10
Condición del los carretes individuales (VM) [OBSOLETO] 20130410
-- UCH01
-- 1038
590 ## - NOTA LOCAL (RLIN)
Nota local BATCH-UPD
Procedencia (VM) [OBSOLETO] 10
Condición del los carretes individuales (VM) [OBSOLETO] 20130914
-- UCH01
-- 1326
590 ## - NOTA LOCAL (RLIN)
Nota local CONVERSION
Procedencia (VM) [OBSOLETO] 10
Condición del los carretes individuales (VM) [OBSOLETO] 20130109
-- UCH01
-- 1337
650 14 - PUNTO DE ACCESO ADICIONAL DE MATERIA--TÉRMINO DE MATERIA
Término de materia o nombre geográfico como elemento de entrada Estiércol
Subdivisión general Manejo.
9 (RLIN) 38314
650 14 - PUNTO DE ACCESO ADICIONAL DE MATERIA--TÉRMINO DE MATERIA
Término de materia o nombre geográfico como elemento de entrada Productos agrícolas
Subdivisión general Subproductos.
9 (RLIN) 92033
650 14 - PUNTO DE ACCESO ADICIONAL DE MATERIA--TÉRMINO DE MATERIA
Término de materia o nombre geográfico como elemento de entrada Productos pecuarios
Subdivisión general Subproductos.
9 (RLIN) 92199
901 ## - ELEMENTOS DE DATOS A LOCAL LDA (RLIN)
a BK
942 ## - ELEMENTOS DE PUNTO DE ACCESO ADICIONAL (KOHA)
Tipo de ítem Koha Libro
949 ## - PROCESAMIENTO DE INFORMACIÓN LOCAL (OCLC)
a 628.746 G7y
b BC
c LIBRO
d 33724000026027
e LIBRO
f c.3
g I.132403
h 68608
i 78448
s i
t 7.04
949 ## - PROCESAMIENTO DE INFORMACIÓN LOCAL (OCLC)
a 628.746 G7y
b BC
c LIBRO
d 33724000026035
e LIBRO
f c.2
g I.132402
h 68607
i 78448
s i
t 7.04
949 ## - PROCESAMIENTO DE INFORMACIÓN LOCAL (OCLC)
a 628.746 G7y
b BC
c LIBRO
d 33724000601233
e LIBRO
g I.132401
h 68606
i 78448
s i
t 7.04
949 ## - PROCESAMIENTO DE INFORMACIÓN LOCAL (OCLC)
a 628.746 G7y
b BC
c LIBRO
d 33724000900106
e LIBRO
f c.4
h 77818
i 78448
s i
t 7.04
Holdings
Estado de retiro Estado de pérdida Fuente del sistema de clasificación o colocación Estado dañado Restricciones de uso No para préstamo Código de colección Localización permanente Ubicación/localización actual Ubicación en estantería Fecha de adquisición Fuente de adquisición Información codificada de la localización en otra ubicación Total de préstamos Signatura topográfica completa Código de barras Fecha visto por última vez Fecha del último préstamo Número de copia Precio válido a partir de Tipo de ítem Koha
    Dewey Decimal Classification   Préstamo 15 días   General Biblioteca Central Biblioteca Central Planta principal - Colección General 31/12/2019 I.132401 LIBRO 1 628.746 G7y 33724000900106 24/02/2023 11/02/2023 c.4 31/12/2019 Libro
    Dewey Decimal Classification   Préstamo 15 días   General Biblioteca Central Biblioteca Central Planta principal - Colección General 31/12/2019 I.132402 LIBRO   628.746 G7y 33724000601233 31/12/2019     31/12/2019 Libro
    Dewey Decimal Classification   Préstamo 15 días   General Biblioteca Central Biblioteca Central Planta principal - Colección General 31/12/2019 I.132403 LIBRO   628.746 G7y 33724000026035 31/12/2019   c.2 31/12/2019 Libro
    Dewey Decimal Classification   Préstamo 15 días   General Biblioteca Central Biblioteca Central Planta principal - Colección General 31/12/2019   LIBRO   628.746 G7y 33724000026027 31/12/2019   c.3 31/12/2019 Libro